Pub companies, follow-up (Record no. 110555)
[ view plain ]
| 000 -LEADER | |
|---|---|
| fixed length control field | 01506cad a22002295a 4500 |
| 001 - CONTROL NUMBER | |
| control field | E149600 |
| 008 - FIXED-LENGTH DATA ELEMENTS--GENERAL INFORMATION | |
| fixed length control field | 100324e20100223xxk f f000 0 eng d |
| 035 ## - SYSTEM CONTROL NUMBER | |
| System control number | (Sirsi) u149600 |
| 041 0# - LANGUAGE CODE | |
| Language code of text/sound track or separate title | eng |
| 050 04 - LIBRARY OF CONGRESS CALL NUMBER | |
| Classification number | 333.33 $2 18 |
| 110 1# - MAIN ENTRY--CORPORATE NAME | |
| Corporate name or jurisdiction name as entry element | United Kingdom |
| Subordinate unit | Parliament |
| -- | House of Commons |
| -- | Business, Innovation and Skills Committee |
| 9 (RLIN) | 5833 |
| 245 00 - TITLE STATEMENT | |
| Title | Pub companies, follow-up |
| Remainder of title | fifth report of session 2009-10 |
| Medium | [electronic resource] |
| 260 ## - PUBLICATION, DISTRIBUTION, ETC. | |
| Place of publication, distribution, etc. | London |
| Name of publisher, distributor, etc. | UK Parliament |
| Date of publication, distribution, etc. | 2009 |
| 505 2# - FORMATTED CONTENTS NOTE | |
| Formatted contents note | Summary -- Introduction -- BBPA Framework Code of Practice -- Policing of the Codes -- RICS guidance on pub rental valuations -- The Pubs Independent Rent Review Scheme (PIRRS) and dispute resolution -- Choice to go free of tie -- Conclusion |
| 520 ## - SUMMARY, ETC. | |
| Summary, etc. | A follow-up on the Committee's report of 2009 (see E148332), which examined the relationship between lessees and pub companies, and whether this provides value for money for landlords and customers. Suggests that this is the last chance for the industry to embark on self-regulated reform, and that if no action is taken by June 2011, then government intervention will be necessary. |
| 521 ## - TARGET AUDIENCE NOTE | |
| Target audience note | Advanced |
| 590 ## - LOCAL NOTE (RLIN) | |
| Local note | KA |
| 651 #4 - SUBJECT ADDED ENTRY--GEOGRAPHIC NAME | |
| Geographic name | United Kingdom |
| Chronological subdivision | |
| 690 ## - LOCAL SUBJECT ADDED ENTRY--TOPICAL TERM (OCLC, RLIN) | |
| Topical term or geographic name as entry element | PROPERTY-COMMERCIAL PROPERTY-LEISURE PROPERTY-REFRESHMENT AND CULINARY PROPERTY-LICENSED PROPERTY-LICENSED PREMISES |
| 856 40 - ELECTRONIC LOCATION AND ACCESS | |
| Uniform Resource Identifier | <a href="https://www.publications.parliament.uk/pa/cm200910/cmselect/cmbis/138/13803.htm">https://www.publications.parliament.uk/pa/cm200910/cmselect/cmbis/138/13803.htm</a> |
| Public note | View the item free of charge at www.publications.parliament.uk |
| 942 ## - ADDED ENTRY ELEMENTS (KOHA) | |
| Suppress in OPAC | 0 |
| Withdrawn status | Lost status | Source of classification or shelving scheme | Damaged status | Not for loan | Home library | Current library | Shelving location | Date acquired | Total Checkouts | Full call number | Barcode | Date last seen | Copy number | Price effective from | Koha item type |
|---|---|---|---|---|---|---|---|---|---|---|---|---|---|---|---|
| Dewey Decimal Classification | Virtual | Virtual | Online | 24/03/2010 | ONLINE PUBLICATION | 149600-2001 | 06/08/2019 | 1 | 06/08/2019 | Book |